000 00519nam a2200181Ia 4500
005 20250326125414.0
008 250326s9999 xx 000 0 und d
037 _aTextbook
040 _aFMSL
_beng
_cFMSL
041 _aeng
_2eng
084 _aY K62
_qFMSL
100 _aAnderson W A
_9739025
245 0 _aSociety: its organization and operation
_cAnderson W A; Parker F B
260 _aNew Delhi
_bNew Delhi, D Van Nostrand
_c1966
300 _a446p
942 _cTB
_hY K62
999 _c1277918
_d1277918